| 000 | 00526nam a22001577a 4500 | ||
|---|---|---|---|
| 999 |
_c534237 _d534237 |
||
| 020 | _qHard Cover. | ||
| 082 | _a660 | ||
| 100 | _aQureyshi, Saba | ||
| 245 |
_aSynthesis of Anti-Bacterial Coatings for Textile using Silver Nanoparticles, Chitosan and Polyethylene Glycol / _cSaba Qureyshi. |
||
| 260 |
_aIslamabad : _bSCME - NUST, _c2017. |
||
| 300 | _c30cm. | ||
| 942 |
_2ddc _cTHE |
||
| 650 |
_aChemical Engineering . _97282 |
||
| 700 |
_aDr. Arshad Chgughtai. _928397 |
||